| 000 | 01268nam a22002537a 4500 | ||
|---|---|---|---|
| 003 | OSt | ||
| 005 | 20210608102438.0 | ||
| 008 | 210608s1996 ck ad||gr|||| 00| 0dspa d | ||
| 020 | _a9589272738 | ||
| 040 |
_aCO-JMCR _cCO-JMCR |
||
| 041 | 0 | _aspa | |
| 082 | 0 | 4 |
_a333.79 / _bS669e _223 |
| 100 | 1 |
_aSánchez Triana, Ernesto, _eautor _916026 |
|
| 245 | 1 | 0 |
_aEficiencia energética : _bproducción limpia para un desarrollo sustentable / _cErnesto Sánchez Triana y Carlos M. Silva |
| 250 | _aPrimera edición | ||
| 260 |
_aBogotá : _bFescol, _c1996 |
||
| 300 |
_a120 páginas : _bilustraciones y gráficas a blanco y negro; _c25 cm |
||
| 500 | _aIncluye datos biográficos de los autores. | ||
| 504 | _aBibliografía: páginas 119-120 | ||
| 505 | 0 | _aEnergía eléctrica y su impacto ambiental -- Evolución de las prácticas de ahorro y uso racional de energía -- Manejo eficiente de energía en los sectores residencial, comercial e institucional -- Manejo eficiente de energía en el sector industrial -- Sistemas alternativos de generación de energía eléctrica -- Evolución de la demanda de energía eléctrica | |
| 650 | 1 | 4 |
_aRecursos energéticos _xAspectos ambientales _zColombia _938171 |
| 700 | 1 |
_aSilva, Carlos M., _eautor _938172 |
|
| 942 |
_2ddc _cBK |
||
| 999 |
_c15553 _d15553 |
||